[Event "1st China Chess King Competition 2024"]
[Site "Chengdu"]
[Date "2024.01.07"]
[Round "4.1"]
[White "Wei, Yi"]
[Black "Ding, Liren"]
[Result "1/2-1/2"]
[WhiteElo "2740"]
[BlackElo "2780"]
[Annotator "TA"]
[PlyCount "49"]
[EventDate "2024.01.07"]
[EventType "k.o."]
[EventCountry "CHN"]
[SourceTitle "playchess.com"]
[Source "ChessBase"]
[SourceQuality "1"]

{[%evp 14,49,29,28,31,27,38,16,33,9,55,47,56,43,45,12,74,0,0,-62,-70,-114,7,0,0,0,0,0,0,0,0,0,0,0,0,0,0,0]} 1. e4 {[%emt 0:00:02]} c6 {[%emt 0:00:02]} 2. Nc3 {[%emt 0:00:07]} d5 {[%emt 0:00:02]} 3. d4 {[%emt 0:00:02]} dxe4 {[%emt 0:00:04]} 4. Nxe4 {[%emt 0:00:02]} Nf6 {[%emt 0:00:02]} 5. Nxf6+ {[%emt 0:00:02]} exf6 {[%emt 0:00:01]} 6. c3 {[%emt 0:00:13]} Bd6 {[%emt 0:00:02]} 7. Bd3 {[%emt 0:00:02]} O-O {[%emt 0:00:03]} 8. Qc2 {[%emt 0:00:15] Active counter play!} Re8+ {[%emt 0:00:05] B15: Caro-Kann: 3 Nc3: 3...g6 and 3...dxe4 4 Nxe4 Nf6 5 Nxf6+ exf6.} 9. Ne2 {[%emt 0:00:02]} h5 {[%emt 0:00:02]} 10. Be3 {[%emt 0:00:43]} Nd7 {[%emt 0:00:03]} 11. O-O-O {[%emt 0:00:45]} b5 $1 {[%emt 0:00:06][%mdl 4] [#] is recently more successful than 11...Nf8.} (11... Nf8 $11) 12. d5 $1 $14 {[%emt 0:00:08]} c5 {[%emt 0:00:01]} 13. Bxb5 {[%emt 0:00:02]} Rb8 {[%emt 0:00:02]} 14. c4 {[%emt 0:00:23]} a6 {[%emt 0:00:29] [#]} 15. Bc6 $5 {[%emt 0:00:20][%mdl 4] Exploring less charted territory.} (15. Ba4 $1 $16) 15... Re7 $1 $11 {[%emt 0:00:03]} 16. Nc3 {[%emt 0:02:29]} (16. Bxd7 $11 Bxd7 17. Rde1) 16... Ne5 $15 {[%emt 0:02:48][%cal Bd7e5,Be5c4,Bc4d2][%mdl 32] [#]} 17. Ne4 $146 {[%emt 0:00:25] [#]} ({Predecessor:} 17. Na4 Qa5 18. b3 Qb4 19. Qc3 Qa3+ 20. Qb2 Qb4 21. Qc3 Qa3+ 22. Qb2 Qb4 23. Qc3 {½-½ Gvozdev,T (1782)-Hryharovich,A (2174) BLR-ch U20 Minsk 2023 (7)}) 17... Bg4 {[%emt 0:00:58]} (17... Bf5 $1 $17 {[%cal Rf5e4]} 18. f3 (18. Bxc5 $2 Bxc5 19. f3 Qa5 $19) 18... Bxe4 19. fxe4 f5) 18. Rd2 {[%emt 0:06:41] Strongly threatening b3. The position is equal.} Bf5 $1 {[%emt 0:00:06]} 19. Nxf6+ {[%emt 0:00:11][%mdl 64] Discovered Attack} gxf6 {[%emt 0:00:01]} 20. Qxf5 {[%emt 0:00:02]} Nxc4 {[%emt 0:00:01]} 21. Qxf6 {[%emt 0:01:24]} Nxd2 {[%emt 0:00:01]} 22. Qg5+ {[%emt 0:00:15]} ({Of course not} 22. Kxd2 Be5 23. Qg5+ Bg7 $17) 22... Kf8 {[%emt 0:00:01] Hoping for ...Ne4.} 23. Qh6+ {[%emt 0:00:04]} Kg8 {[%cal Oe7e3] aiming for ...Rxe3!} 24. Qg5+ {[%emt 0:00:32]} (24. Kxd2 Rxb2+ 25. Kc1 Rxe3 26. Kxb2 Re2+ {[%mdl 64] Skewer, Double Attack} 27. Kc3 (27. Kc1 Qh4 28. Kd1 Rxa2 29. Qe3 Qg4+ 30. f3 Qxg2 31. Rg1 Ra1+ {[%mdl 64] Skewer}) 27... Qh4 $19) 24... Kf8 {...Ne4 is the strong threat.} 25. Qh6+ {[%emt 0:01:08] Weighted Error Value: White=0.19 (very precise) /Black=0.16 (very precise)} 1/2-1/2

[Event "1st China Chess King Competition 2024"]
[Site "Chengdu"]
[Date "2024.01.07"]
[Round "4.1"]
[White "Yu, Yangyi"]
[Black "Wang, Hao"]
[Result "1-0"]
[WhiteElo "2720"]
[BlackElo "2702"]
[Annotator "TA"]
[PlyCount "173"]
[EventDate "2024.01.07"]
[EventType "k.o."]
[EventCountry "CHN"]
[SourceTitle "playchess.com"]
[Source "ChessBase"]
[SourceQuality "1"]

{[%evp 16,173,0,3,28,7,18,15,14,14,12,13,4,4,64,47,75,75,88,83,76,65,101,96,115,34,60,19,14,9,6,14,139,131,129,131,154,33,33,27,34,17,34,25,32,0,25,25,48,38,61,68,75,1,7,0,0,0,53,47,100,98,125,123,123,127,121,99,101,65,52,41,40,0,0,0,0,0,0,0,0,8,28,28,28,28,28,28,28,28,28,28,28,28,28,28,121,121,121,121,121,121,121,121,121,32,121,121,121,121,121,121,121,121,121,121,121,121,121,121,121,121,121,121,121,121,121,121,121,121,121,121,121,121,121,121,121,121,121,121,121,121,121,121,121,40,121,28,121,0,121,121,121,121,121,40,40,40,29993,36]} 1. e4 {[%emt 0:00:01]} c5 {[%emt 0:00:01]} 2. Nf3 {[%emt 0:00:01]} d6 {[%emt 0:00:14]} 3. Bc4 {[%emt 0:00:08]} Nf6 {[%emt 0:00:07]} 4. d3 {[%emt 0:00:02]} Nc6 {[%emt 0:00:18]} 5. O-O {[%emt 0:00:02]} g6 {[%emt 0:00:02]} 6. c3 {[%emt 0:00:40]} Bg7 {[%emt 0:00:11]} 7. Re1 {[%emt 0:00:02]} O-O {[%emt 0:00:08]} 8. a4 {[%emt 0:00:25]} d5 {[%emt 0:00:41]} 9. exd5 {[%emt 0:00:25]} Nxd5 {[%emt 0:00:01]} 10. a5 {[%emt 0:00:07]} Bg4 {[%emt 0:00:40]} (10... e6 $5 {[%cal Rc6a5]}) 11. h3 {[%emt 0:00:57]} Bxf3 {[%emt 0:00:02]} 12. Qxf3 {[%emt 0:00:01]} e6 {[%emt 0:00:02]} 13. a6 {[%emt 0:00:31]} b6 14. Na3 {[%emt 0:01:00]} Qd7 {[%emt 0:01:12]} (14... Rc8 $11) 15. Bb5 $14 {[%emt 0:01:50]} h6 {[%emt 0:00:22]} 16. Bf4 $1 {[%emt 0:01:51]} Rad8 {[%emt 0:00:17]} 17. Bg3 {[%emt 0:00:16]} Nde7 {[%emt 0:01:29]} 18. Qe4 {[%emt 0:02:10]} Rc8 {[%emt 0:01:40]} 19. Nc4 {[%emt 0:00:13]} Nf5 {[%emt 0:01:19]} 20. Ne5 {[%emt 0:01:54]} (20. Bh2 $16) 20... Nxg3 {[%emt 0:00:30]} 21. Nxd7 {[%emt 0:02:05]} (21. Qxc6 {is interesting.} Qe7 22. Qb7 Nf5 23. Nc6) 21... Nxe4 {[%emt 0:00:02]} 22. Nxf8 {[%emt 0:00:16]} (22. Rxe4 Rfd8 23. Bxc6 Rxc6 $17) 22... Nxc3 {[%emt 0:01:41]} 23. bxc3 {[%emt 0:00:03]} Bxc3 {[%emt 0:00:11]} (23... Kxf8 $11 24. Ra3 Ne7) 24. Bxc6 $1 $16 {[%emt 0:01:17]} Rxc6 {[%emt 0:00:02]} 25. Nd7 f6 {[%emt 0:00:54] [#]} 26. Nxf6+ {[%emt 0:02:16]} (26. Kf1 $1 $16) 26... Bxf6 $14 {[%emt 0:00:02]} 27. Rab1 {[%emt 0:00:01]} Rd6 {[%emt 0:00:27]} 28. Rb3 {[%emt 0:00:10]} Kf7 {[%emt 0:00:03]} 29. Re4 {[%emt 0:00:04]} Ke7 {[%emt 0:00:32]} 30. h4 {[%emt 0:00:22]} Rd7 {[%emt 0:01:14]} 31. Kf1 {[%emt 0:00:29]} Kd6 {[%emt 0:00:10]} 32. g3 {[%emt 0:00:04]} g5 {[%emt 0:00:24]} 33. hxg5 {[%emt 0:00:14]} hxg5 {[%emt 0:00:02]} 34. Ke2 (34. Kg2 $16) 34... Rh7 {[%emt 0:00:43]} 35. Rb1 {[%emt 0:00:36]} Bd4 {[%emt 0:00:10]} 36. Rg4 {[%emt 0:00:02]} Rh5 {[%emt 0:00:38]} (36... Rh2 $11) 37. Kf3 $1 $14 {[%emt 0:00:08]} e5 {[%emt 0:01:05]} (37... Rh2 $14) 38. Ke4 $1 $16 {[%emt 0:00:30]} Ke6 {[%emt 0:00:16]} 39. f4 $1 {[%emt 0:00:13]} exf4 {[%emt 0:00:33]} 40. gxf4 {[%emt 0:00:01]} gxf4 {[%emt 0:00:01]} 41. Rg6+ $1 {[%emt 0:00:03]} (41. Rxf4 $6 Rh2 $11) (41. Kxf4 $6 Rf5+ 42. Kg3 Be5+ 43. Kg2 Rf7) 41... Kd7 {[%emt 0:00:04]} 42. Kxf4 {[%emt 0:00:13]} Rh3 {[%emt 0:00:51]} 43. Kg4 {[%emt 0:00:13]} (43. Rg8 $5 {[%cal Rb1b6]} Rxd3 44. Ra8 $14) 43... Rh2 {[%emt 0:00:29]} (43... Rxd3 $2 44. Rh1 Re3 45. Rh7+ Re7 46. Rxe7+ Kxe7 47. Rxb6 $18) 44. Rf1 {[%emt 0:00:16]} Rg2+ {[%emt 0:00:38]} 45. Kf5 {[%emt 0:00:01]} Rxg6 $1 {[%emt 0:00:08]} 46. Kxg6 {[%emt 0:00:01]} Kc6 {[%emt 0:00:01]} 47. Rf7 {[%emt 0:00:11]} b5 {[%emt 0:00:23]} 48. Rxa7 {[%emt 0:00:24]} Kb6 {[%emt 0:00:53]} 49. Ra8 {[%emt 0:00:09]} c4 {[%emt 0:00:03]} 50. dxc4 {[%emt 0:00:20]} bxc4 {[%emt 0:00:02]} 51. Rd8 {[%emt 0:00:10]} Bc5 {[%emt 0:00:46]} 52. Rd5 Be3 {[%emt 0:00:08]} 53. Re5 {[%emt 0:00:05]} Bd4 {[%emt 0:00:20]} 54. Re4 {[%emt 0:00:02]} Bf2 {[%emt 0:00:03]} 55. Re2 {[%emt 0:00:02]} (55. Rxc4 {simplifies} Kxa6 56. Rb4 Bb6 57. Kf5) 55... Bd4 {[%emt 0:00:04]} (55... Bg1 $11) 56. Ra2 $1 $16 {[%emt 0:00:03]} Ka7 {[%emt 0:00:31]} 57. Kf5 {[%emt 0:00:01]} c3 {[%emt 0:00:02]} 58. Ke4 Bg7 {[%emt 0:00:14]} 59. Kd3 {[%emt 0:00:03]} Be5 {[%emt 0:00:04]} 60. Re2 {[%emt 0:00:10]} (60. Kc2 $16) 60... Bf4 {[%emt 0:00:19]} (60... c2 $14 61. Kxc2 (61. Rxe5 $2 c1=Q $19) 61... Bf4) 61. Re6 {[%emt 0:00:40]} (61. Kxc3 $6 Kxa6 62. Kc4 Kb7 $11) 61... Bd2 {[%emt 0:00:11]} 62. Rc6 {[%emt 0:00:01]} Be1 {[%emt 0:00:02]} 63. Kc4 $1 {[%emt 0:00:03]} c2 {[%emt 0:00:28]} 64. Kb5 {[%emt 0:00:01]} Bf2 {[%emt 0:00:01]} 65. Rc7+ {[%emt 0:00:13]} Ka8 {[%emt 0:00:01]} 66. Rxc2 {[%emt 0:00:02]} Be3 {[%emt 0:00:01]} 67. Kc6 {[%emt 0:00:22]} Ka7 {[%emt 0:00:06]} 68. Re2 {[%emt 0:00:08]} Bd4 {[%emt 0:00:04]} 69. Re7+ {[%emt 0:00:04]} Ka8 {[%emt 0:00:02]} (69... Kxa6 70. Re4 Bc3 71. Ra4+ Ba5 72. Ra3 Ka7 73. Rxa5+ Kb8 74. Ra4 Kc8 75. Ra8#) 70. Rf7 {[%emt 0:00:07]} Be3 {[%emt 0:00:03]} 71. Kb5 {[%emt 0:00:17]} Bd4 {[%emt 0:00:02]} 72. Rd7 {[%emt 0:00:23]} Be3 {[%emt 0:00:01]} 73. Rd3 {[%emt 0:00:11]} Bf2 {[%emt 0:00:02]} 74. Kc6 $1 {[%emt 0:00:09]} Ka7 {[%emt 0:00:10]} 75. Rf3 {[%emt 0:00:04]} Bd4 {[%emt 0:00:03]} 76. Rf7+ {[%emt 0:00:04]} Ka8 {[%emt 0:00:02]} (76... Kxa6 {leads to mate.} 77. Rf4 Bc3 78. Ra4+ Ba5 79. Ra3 Ka7 80. Rxa5+ Kb8 81. Ra4 Kc8 82. Ra8#) 77. Rd7 {[%emt 0:00:21]} Be3 {[%emt 0:00:02]} 78. Kc7 {[%emt 0:00:05]} Ka7 {[%emt 0:00:11]} 79. Re7 $1 {[%emt 0:00:02]} ({Of course not} 79. Rd6 $6 Bf4 $11) 79... Bc5 {[%emt 0:00:13]} 80. Rf7 {[%emt 0:00:05]} ({Less strong is} 80. Re6 Bf2 81. Kc6 Ka8 82. Re8+ Ka7 83. Re7+ Ka8 $18) (80. Re4 $16 Ka8 81. Kc6) 80... Be3 {[%emt 0:00:37]} ({Black should play} 80... Bd4 $14) 81. Kd6+ {[%emt 0:00:06]} (81. Rf6 $16 Bd4 82. Re6) 81... Ka8 {[%emt 0:00:14]} (81... Kxa6 $11 82. Rf3 Bg1) 82. Kc6 {[%emt 0:00:05]} Bd4 {[%emt 0:00:02]} 83. Rb7 {[%emt 0:00:13]} Ba7 {[%emt 0:00:06]} 84. Kc7 {[%emt 0:00:04]} Be3 {[%emt 0:00:04] [#]} 85. a7 {[%emt 0:00:09]} ({Better is} 85. Rb3 $1 $16 Bd4 (85... Bf2 86. Rf3) 86. Rd3) 85... Bxa7 $14 {[%emt 0:00:21]} 86. Rb4 {[%emt 0:00:12]} Bc5 $2 {[%emt 0:00:13][%mdl 8192] [#]} (86... Bg1 $14) 87. Rb8+ $1 {[%emt 0:00:04]} 1-0

[Event "1st China Chess King Competition 2024"]
[Site "Chengdu"]
[Date "2024.01.07"]
[Round "4.2"]
[White "Ding, Liren"]
[Black "Wei, Yi"]
[Result "1/2-1/2"]
[WhiteElo "2780"]
[BlackElo "2740"]
[Annotator "TA"]
[PlyCount "46"]
[EventDate "2024.01.07"]
[EventType "k.o."]
[EventCountry "CHN"]
[SourceTitle "playchess.com"]
[Source "ChessBase"]
[SourceQuality "1"]

{[%evp 9,46,16,13,11,29,30,29,19,31,21,28,23,43,19,24,30,23,8,9,22,35,44,30,0,0,0,0,0,0,0,14,-10,-10,-10,-10,-9,-6,-1,-5]} 1. e4 {[%emt 0:00:02]} c5 {[%emt 0:00:03]} 2. Nf3 {[%emt 0:00:02]} d6 {[%emt 0:00:02]} 3. Bb5+ {[%emt 0:00:02]} Nd7 {[%emt 0:00:06]} 4. a4 {[%emt 0:00:01]} Ngf6 {[%emt 0:00:12]} 5. Nc3 {[%emt 0:00:02]} a6 {[%emt 0:00:26]} 6. Be2 {[%emt 0:00:01] B51: Sicilian: Moscow Variation (3 Bb5+) without 3...Bd7.} b6 {[%emt 0:00:02]} 7. d4 {[%emt 0:00:05]} cxd4 {[%emt 0:00:02]} 8. Qxd4 {[%emt 0:00:02] White has an edge.} e5 {[%emt 0:00:06]} 9. Qe3 {[%emt 0:00:06]} Bb7 {[%emt 0:00:03]} 10. O-O {[%emt 0:00:02]} Be7 {[%emt 0:00:01]} 11. Rd1 {[%emt 0:00:03] seems to push 11.Nd2 aside.} O-O {[%emt 0:00:03]} 12. Nd2 {[%emt 0:00:05]} Qc7 {[%emt 0:00:17]} 13. Nc4 {[%emt 0:00:10]} Rad8 {[%emt 0:00:31]} 14. Bf1 {[%emt 0:02:41] [#]} Nxe4 $146 {[%emt 0:01:11][%mdl 64] [#] Remove Defender, Decoy} ({Predecessor:} 14... Nc5 15. b4 Ncxe4 16. Nxe4 Nxe4 17. Qxb6 Qxb6 18. Nxb6 d5 19. Ba3 Rfe8 20. Re1 Bh4 {1-0 Vlachos,A (2433)-Clarke,B (2475) Paris Barreau 3rd 2022 (5)}) 15. Nxe4 {[%emt 0:00:54]} d5 {[%emt 0:00:02]} 16. Ned2 {[%emt 0:00:19][%cal Be4d2,Bd2c4,Bc4a3,Ba3b5,Bb5c3][%mdl 32]} (16. Qg3 {seems wilder.} g6 17. Bh6 Rfe8 18. Ned2) 16... dxc4 {[%emt 0:02:07] The position is equal.} 17. Nxc4 {[%emt 0:00:01]} b5 {[%emt 0:01:18]} 18. axb5 {[%emt 0:00:02]} axb5 {[%emt 0:00:01]} 19. Na3 {[%emt 0:00:41]} Nf6 {[%emt 0:00:56]} (19... b4 $5 {[%cal Rb4a3]} 20. Nc4 Nc5 $11) 20. Nxb5 {[%emt 0:01:58]} Qxc2 {[%emt 0:00:08]} 21. Rxd8 {[%emt 0:00:01]} Rxd8 {[%emt 0:00:06]} 22. Nc3 {[%emt 0:00:01] Inhibits Rd1.} Ne4 {[%emt 0:05:34]} 23. Qe2 {[%emt 0:03:35]} Qxe2 {[%emt 0:00:18] Weighted Error Value: White=0.07 (flawless) /Black=0.06 (flawless)} 1/2-1/2

[Event "1st China Chess King Competition 2024"]
[Site "Chengdu"]
[Date "2024.01.07"]
[Round "4.2"]
[White "Wang, Hao"]
[Black "Yu, Yangyi"]
[Result "1/2-1/2"]
[WhiteElo "2702"]
[BlackElo "2720"]
[Annotator "TA"]
[PlyCount "113"]
[EventDate "2024.01.07"]
[EventType "k.o."]
[EventCountry "CHN"]
[SourceTitle "playchess.com"]
[Source "ChessBase"]
[SourceQuality "1"]

{[%evp 16,113,18,11,0,12,16,0,0,0,0,6,13,0,0,-11,0,0,0,0,2,0,18,0,0,-32,-34,-53,-25,-152,-164,-145,-156,-176,-147,-195,-172,-163,0,-87,-77,-87,-12,-12,4,5,32,33,32,32,32,32,32,26,45,0,0,-158,0,0,0,0,0,0,0,0,0,0,0,0,0,0,0,0,12830,12831,12832,12832,12817,0,0,0,0,0,0,0,0,0,0,0,0,0,0,0,0,0,0,0,0,0]} 1. d4 {[%emt 0:00:01]} Nf6 {[%emt 0:00:02]} 2. c4 {[%emt 0:00:08]} e6 {[%emt 0:00:02]} 3. Nc3 {[%emt 0:00:04]} Bb4 {[%emt 0:00:10]} 4. Qc2 {[%emt 0:00:17]} c5 {[%emt 0:00:42]} 5. dxc5 {[%emt 0:00:06]} O-O {[%emt 0:00:06]} 6. Nf3 {[%emt 0:00:48]} Na6 {[%emt 0:00:14][%cal Bb8a6,Ba6c5,Bc5e4][%mdl 32]} 7. g3 {[%emt 0:00:02]} Nxc5 {[%emt 0:00:11]} 8. Bg2 {[%emt 0:00:02]} Nce4 {[%emt 0:00:33]} 9. O-O {[%emt 0:00:03]} Bxc3 {[%emt 0:00:03] E39: Nimzo-Indian: Classical: 4...c5 5 dxc5 0-0.} 10. bxc3 {[%emt 0:00:02]} d5 {[%emt 0:00:44]} 11. Bf4 {[%emt 0:02:06] [#]} b6 $146 {[%emt 0:01:08]} ({Predecessor:} 11... Qa5 12. Rac1 b6 13. Ne5 Ba6 14. cxd5 exd5 15. Bh3 Bc8 16. Bg2 Ba6 17. Bh3 Bc8 18. Bg2 {½-½ Lodici,L (2447)-Aghayev,M (2424) Spilimbergo op 16th 2018 (7)}) 12. cxd5 {[%emt 0:01:24]} exd5 {[%emt 0:00:03]} 13. Nd4 {[%emt 0:01:04][%cal Bf3d4,Bd4b5,Bb5d6][%mdl 32]} Ba6 {[%emt 0:00:28] Against c4} 14. Rfc1 {[%emt 0:00:21]} Re8 {[%emt 0:00:24]} 15. a4 {[%emt 0:01:51][%cal Oa4a5]} Bc4 {[%emt 0:01:18]} 16. Nb5 {[%emt 0:00:24]} Nc5 {[%emt 0:01:21]} 17. Re1 {[%emt 0:00:40]} Re7 {[%emt 0:00:37] Inhibits Nc7.} 18. Rab1 {[%emt 0:00:57]} Nfe4 {[%emt 0:01:34]} 19. f3 {[%emt 0:02:06]} Nf6 {[%emt 0:00:51]} 20. g4 {[%emt 0:00:13]} Qd7 {[%emt 0:01:01]} 21. Nd6 {[%emt 0:00:26] Inhibits Rae8.} Qxa4 {[%emt 0:00:47]} (21... Re6 $5 {[%cal Re6d6]} 22. Nxc4 dxc4 $11) 22. Qd2 {[%emt 0:00:16] [#]} (22. Qxa4 $11 Nxa4 23. Nxc4 dxc4 24. e4) 22... Rxe2 $1 $17 {[%emt 0:01:58][%mdl 512]} 23. Rxe2 {[%emt 0:00:08]} Bxe2 {[%emt 0:00:03]} 24. Be5 {[%emt 0:00:55]} Bd3 {[%emt 0:00:04]} 25. Re1 {[%emt 0:00:10]} (25. Rd1 $17 {was worth a try.}) 25... Qc2 {[%emt 0:00:39]} 26. Qe3 {[%emt 0:00:28]} Bg6 $2 {[%emt 0:00:07]} (26... Ne8 $1 $19 {White must now prevent ...h6.} 27. g5 Bg6) 27. Bd4 {[%emt 0:01:04]} (27. Bxf6 $11 gxf6 28. Ne8 Rxe8 29. Qxe8+ Kg7 30. Qe3) 27... Nd3 {[%emt 0:01:31]} 28. Ra1 {[%emt 0:00:02]} h6 {[%emt 0:00:38]} ({Black should play} 28... Qb2 $17 29. Rd1 (29. c4 $2 Qb4 $19) 29... Qc2) 29. h4 {[%emt 0:00:30]} Rd8 {[%emt 0:00:10]} 30. h5 $1 {[%emt 0:01:45]} Rxd6 {[%emt 0:00:06]} (30... Bxh5 {with more complications.} 31. Nf5 Re8 32. Ne7+ Kf8) 31. hxg6 {[%emt 0:00:02]} fxg6 {[%emt 0:00:09]} 32. Bf1 {[%emt 0:00:25] This pair of bishops is nice.} Nc5 {[%emt 0:00:49]} 33. Bxc5 {[%emt 0:00:04]} (33. Rxa7 $5 Re6 $8 34. Qf4 $11) 33... bxc5 {[%emt 0:00:09]} 34. Rxa7 {[%emt 0:00:02]} (34. Qe7 $2 Rd7 35. Qxc5 Kh7 $19) 34... Qd1 $1 {[%emt 0:01:08]} 35. Kg2 {[%emt 0:01:28][%mdl 1024] White has compensation.} (35. g5 $5 {[%cal Rg5f6]} Ne4 36. fxe4 Qg4+ 37. Kf2 $16) 35... Qc2+ {[%emt 0:00:01]} 36. Kh3 $2 {[%emt 0:00:22] [#]} ({White should try} 36. Kg1 $11 Qd1 37. g5 (37. Qe7 Rd7 $11)) 36... Qd1 $2 {[%emt 0:00:46]} (36... h5 $1 $17 {[%cal Rh5g4] ...hxg4+ would be deadly.} 37. g5 (37. Qe7 $2 hxg4+ 38. fxg4 Qxc3+ 39. Kg2 Qd2+ 40. Be2 Rd7 $19) 37... Qf5+ 38. Kg2 Nh7 39. Ra8+ Nf8) 37. Bg2 $11 {[%emt 0:00:05]} Kh7 {[%emt 0:00:30]} 38. Qe7 $40 {[%emt 0:00:18][%csl Ga7][%cal Re7g7][%mdl 128] Inhibits Rd7. White mounts an attack.} (38. Qxc5 Re6 39. Qf8 Ne8 $19) 38... Rd7 $1 {[%emt 0:00:02]} 39. Rxd7 {[%emt 0:00:01]} Nxd7 {[%emt 0:00:01]} 40. Qxd7 Qd3 {[%emt 0:00:02] Wards off c4} 41. Kg3 {[%emt 0:00:10]} c4 {[%emt 0:00:09]} 42. g5 {[%emt 0:00:23]} Qxc3 {[%emt 0:00:06] Threatens to win with ...Qe1+.} 43. gxh6 {[%emt 0:00:13]} (43. Qxd5 $2 {is the wrong capture.} Qe1+ 44. Kh3 c3 $19) 43... Qe5+ {[%emt 0:00:29]} 44. f4 {[%emt 0:00:01]} Qe3+ {[%emt 0:00:04][%mdl 8192]} (44... Qe1+ $11 45. Kg4 Kxh6) 45. Kg4 $18 {[%emt 0:00:22][%csl Gh6][%cal Rd7g7]} Kxh6 {[%emt 0:00:10]} 46. Qxd5 {[%emt 0:00:05]} Qg1 {[%emt 0:00:30] [#]} 47. Kf3 $2 {[%emt 0:00:20]} (47. Qg5+ $1 $18 Kh7 48. Qh4+ Kg8 49. Qh1) 47... c3 $11 {[%emt 0:00:07] The position is equal.} 48. Qd8 {[%emt 0:00:05][%cal Rd8h8]} Kh7 {[%emt 0:00:04] Repels Qh8+} 49. Qh4+ {[%emt 0:00:06]} Kg8 {Hoping for ...Qd1+.} 50. Qd8+ {[%emt 0:00:04]} Kh7 {[%emt 0:00:02]} 51. Bh3 {[%emt 0:00:02] Intending Qh4+ and mate.} Qh1+ {[%emt 0:00:07]} (51... c2 $2 {leads to mate.} 52. Qh4+ Kg8 53. Be6+ Kf8 54. Qd8#) 52. Bg2 {[%emt 0:00:09]} Qh5+ {[%emt 0:00:14]} 53. Kg3 {[%emt 0:00:06]} c2 {[%emt 0:00:13]} (53... Qe2 54. Qh4+ Kg8 55. Bd5+ Kf8 56. Qd8+ Qe8 57. Qxe8+ Kxe8 58. Bb3) 54. Qc8 {[%emt 0:00:08] Repels c1Q} (54. Qd2 Qd1 55. Qf2 c1=Q $19) 54... Qd1 {[%emt 0:00:12]} 55. Qh3+ {[%emt 0:00:03]} Kg8 {[%emt 0:00:03]} 56. Qe6+ {[%emt 0:00:04]} Kh7 {[%emt 0:00:06]} 57. Qh3+ {[%emt 0:00:15] Quite a comeback for White.   Weighted Error Value: White=0.27 (precise) /Black=0.16 (very precise)} 1/2-1/2

[Event "1st China Chess King Competition 2024"]
[Site "Chengdu"]
[Date "2024.01.07"]
[Round "4.3"]
[White "Wei, Yi"]
[Black "Ding, Liren"]
[Result "1-0"]
[WhiteElo "2740"]
[BlackElo "2780"]
[Annotator "TA"]
[PlyCount "53"]
[EventDate "2024.01.07"]
[EventType "k.o."]
[EventCountry "CHN"]
[SourceTitle "playchess.com"]
[Source "ChessBase"]
[SourceQuality "1"]

{[%evp 14,53,29,14,31,41,46,17,19,21,20,31,50,34,38,25,27,36,49,46,41,13,82,51,70,81,107,35,42,0,54,13,108,31,506,495,489,483,658,651,676,647]} 1. e4 {[%emt 0:00:01]} c6 {[%emt 0:00:01]} 2. d4 {[%emt 0:00:01]} d5 3. Nc3 {[%emt 0:00:01]} dxe4 {[%emt 0:00:01]} 4. Nxe4 {[%emt 0:00:01]} Nf6 {[%emt 0:00:01]} 5. Nxf6+ {[%emt 0:00:02]} exf6 6. c3 {[%emt 0:00:02]} Bd6 7. Bd3 O-O {[%emt 0:00:04]} 8. Qc2 {[%emt 0:00:01] Active counter play!} Re8+ {[%emt 0:00:01] B15: Caro-Kann: 3 Nc3: 3...g6 and 3...dxe4 4 Nxe4 Nf6 5 Nxf6+ exf6.} 9. Ne2 {[%emt 0:00:01]} h5 {[%emt 0:00:01]} 10. Be3 {[%emt 0:00:02]} Nd7 {[%emt 0:00:01] The position is equal.} 11. O-O-O {[%emt 0:00:03]} Nf8 {[%emt 0:00:01] 11...b5 might become the main line.} 12. Kb1 {[%emt 0:00:04]} a5 {[%emt 0:00:17][%cal Of8g6,Ba7a5,Ba5a4,Ba4a3][%mdl 32]} 13. c4 {[%emt 0:00:06]} a4 {[%emt 0:00:04] [#]} 14. h3 $146 {[%emt 0:00:27]} ({Predecessor:} 14. a3 Bd7 15. Nc3 Qa5 16. h3 h4 17. Ka1 b5 18. c5 Bb8 19. Na2 Be6 20. Be4 {1-0 Thogersen,R (2323)-Rewitz,P (2261) DEN-ch cand Svendborg 2022 (7)}) 14... a3 15. b3 {[%emt 0:00:01]} Bd7 {[%emt 0:00:18][%cal Of8g6]} 16. Nc3 {[%emt 0:00:11]} Bb4 {[%emt 0:00:22][%cal Of6f5]} 17. g4 {[%emt 0:00:23]} h4 {[%emt 0:00:01]} ({Don't play} 17... hxg4 18. hxg4 Bxc3 19. Bh7+ (19. Qxc3 Bxg4 20. Rdg1 Qd7 $11) 19... Kh8 20. Bf5+ Kg8 21. Qxc3 $16) (17... Bxc3 $1 $11 {keeps the balance.} 18. Qxc3 hxg4) 18. Rhg1 {[%emt 0:00:01]} Ne6 {[%emt 0:00:05]} 19. Ne4 $1 {[%emt 0:00:05]} Ng5 {[%emt 0:00:24]} 20. Nxg5 {[%emt 0:00:46]} (20. c5 $16) 20... fxg5 $14 21. Bf5 {[%emt 0:00:05]} Ra5 {[%emt 0:00:15]} (21... Be6 $11) 22. c5 {[%emt 0:00:06]} (22. Be4 $5 {[%cal Rf2f3]}) 22... b6 {[%emt 0:00:46] [#]} (22... Be6 $11) 23. d5 {[%emt 0:00:38]} (23. cxb6 $1 $16 Be7 24. Bh7+ Kh8 25. d5 cxd5 26. Bd3) 23... Bxc5 $2 {[%emt 0:00:35][%mdl 8192] A mistake that costs the game.} ({Black should play} 23... cxd5 $14 24. cxb6 Qe7) 24. Bh7+ $18 {[%emt 0:00:08] White is clearly winning.} Kh8 {[%emt 0:00:03] Threatens to win with ...cxd5.} 25. dxc6 {[%emt 0:00:02][%cal Bd5c6,Bc6d7][%mdl 32]} Bxe3 {[%emt 0:00:06]} 26. cxd7 {[%emt 0:00:02]} (26. Rxd7 $2 {is the wrong capture.} Qf6 27. fxe3 Rc5 $19) 26... Re6 {[%emt 0:00:04] Black is weak on the light squares} 27. Qc8 {[%emt 0:00:05] Prevents Rc5.   Weighted Error Value: White=0.16 (very precise) /Black=0.63} 1-0